Journaux les plus lus en France - Statistiques

Statistiques générales
  • Ce quiz a été pris 275 fois
  • Le résultat moyen est 5 sur 15
Statistiques - réponses
Diffusion Journal % Correct
22 121 000 Le Monde
94%
23 950 000 Le Figaro
87%
20 739 000 Aujourd'hui en France - Le Parisien
74%
23 003 000 L'Equipe
54%
14 146 000 Paris Match
32%
11 472 000 L'Obs
30%
22 111 000 20 Minutes
29%
13 059 000 L'Express
28%
13 819 000 Voici
21%
10 381 000 Elle
19%
12 557 000 Gala
16%
12 476 000 Télé 7 Jours
11%
18 880 000 Femme Actuelle
9%
18 851 000 Télé Loisirs
7%
14 524 000 Marmiton
2%
Aucun quiz correspondant
Distribution des résultats
% des personnes avec chaque résultat
Percentile par nombre de réponses
Votre historique - résultats
Vous n’avez pas pris ce quiz